| 000 | 01416cam a2200277 a 4500 | ||
|---|---|---|---|
| 001 | 15575673 | ||
| 005 | 20230728110051.0 | ||
| 008 | 090106s2009 ilu b 001 0 eng | ||
| 010 | _a 2008054623 | ||
| 020 | _a9781414326276 (sc : alk. paper) | ||
| 040 |
_aDLC _cDLC _dDLC |
||
| 050 | 0 | 0 |
_aBT203 _b.M3386 2009 |
| 082 | 0 | 0 |
_a232 _222 |
| 100 | 1 | _aMcDowell, Josh. | |
| 245 | 1 | 0 |
_aMore than a carpenter / _cJosh McDowell, Sean McDowell. |
| 250 | _a[New, rev. ed.]. | ||
| 260 |
_aCarol Stream, Ill. : _bTyndale House Publishers, Inc., _c2009. |
||
| 300 |
_ax, 179 p. ; _c18 cm. |
||
| 504 | _aIncludes bibliographical references. | ||
| 505 | 0 | _aMy story -- What makes Jesus so different? -- Lord, liar, or lunatic? -- What about science? -- The challenge of the new atheism -- Are the Bible records reliable? -- Who would die for a lie? -- What good is a dead Messiah? -- Did you hear what happened to Saul? -- Can you keep a good man down? -- Will the real Messiah please stand up? -- Isn't there some other way? -- He changed my life. | |
| 600 | 0 | 0 |
_aJesus Christ _xPerson and offices. |
| 700 | 1 | _aMcDowell, Sean. | |
| 906 |
_a7 _bcbc _corignew _d1 _eecip _f20 _gy-gencatlg |
||
| 942 |
_2lcc _cBOOKS _hBT203 .M3386 2009 |
||
| 999 |
_c31768 _d31768 |
||